Escape the Backrooms Entities by Picture - Statistics

General Stats
  • This quiz has been taken 18 times
    12 since last reset
  • The average score is 15 of 30
Answer Stats
Picture Answer % Correct
Partygoers
100%
Hounds
90%
Skin Stealers
90%
Partygoers (Old)
80%
Smilers
80%
Smilers
80%
Smilers
80%
The Howler
70%
The Thing on Level 7
70%
The Thing on Level 7 (Old)
70%
Kitty
60%
Wretches
60%
Bone Thief
50%
Female Deathmoths
50%
Jerry
50%
Kitty
50%
The Neighborhood Watch
50%
Clumps
40%
Facelings
40%
Male Deathmoths
40%
Partypoopers
40%
Animations
30%
The Animated King
30%
Windows
30%
Moai Statue
20%
Party Host
20%
The Light Head
20%
The Scratcher
20%
The Scratcher (Old)
20%
Aranea Membri
10%
No matching quizzes found
Score Distribution
Percent of People with Each Score
Percentile by Number Answered
Your Score History
You have not taken this quiz since the last reset